Poziciovať či pozicionovať?
Riešenie niektorých problémov, ktoré sa vyskytujú pri jazykovednej úprave rukopisov. Problémy pri preberaní a prekladoch cudzojazyčnej ale i pri utváraní domácej terminológie.
Gespeichert in:
| 1. Verfasser: | |
|---|---|
| Weitere Verfasser: | |
| Format: | Buchkapitel |
| Sprache: | Slowakisch |
| Schlagworte: | |
| Tags: |
Keine Tags, Fügen Sie das erste Tag hinzu!
|
MARC
| LEADER | 00000naa$a2200000$$$4500 | ||
|---|---|---|---|
| 001 | 0039418 | ||
| 005 | 20230315092900.6 | ||
| 041 | 0 | |a slo | |
| 044 | |a SK | ||
| 245 | 1 | 0 | |a Poziciovať či pozicionovať? |c Marianna Mišúrová, Valéria Jablonská |
| 520 | |a Riešenie niektorých problémov, ktoré sa vyskytujú pri jazykovednej úprave rukopisov. Problémy pri preberaní a prekladoch cudzojazyčnej ale i pri utváraní domácej terminológie. | ||
| 610 | 2 | 0 | |a pojmy |
| 610 | 2 | 0 | |a prekladatelia |
| 610 | 2 | 0 | |a terminológia |
| 610 | 2 | 0 | |a slovenčina |
| 610 | 2 | 0 | |a jazykoveda |
| 100 | 1 | |a Mišúrová, Marianna | |
| 700 | 1 | |a Jablonská, Valéria | |